Every City to Have an NFL Team - Statistics

General Stats
  • This quiz has been taken 48 times
  • The average score is 32 of 38
Answer Stats
Teams City % Correct
Cowboys (1960-present)Texans (1960-1962) Dallas
98%
Rams (1946-1994, 2016-present) Chargers (1960, 2017-present) Raiders (1982-1994) Los Angeles
98%
Giants (1925-present) Titans/Jets (1960-present) New York
98%
Bills (1960-present) Buffalo
96%
Broncos (1960-present) Denver
96%
Oilers (1960-1996)Texans (2002-present) Houston
96%
Dolphins (1966-present) Miami
96%
Saints (1967-present) New Orleans
96%
Seahawks (1976-present) Seattle
96%
Buccaneers (1976-present) Tampa
96%
Braves/Redskins (1932-1936)Patriots (1960-present) Boston
93%
Cardinals (1921-1943, 1945-1959)Bears (1921-present) Chicago
93%
Rams (1933-1942, 1944-1945) Browns (1946-1995, 1999-present) Cleveland
93%
Lions (1934-present) Detroit
93%
Packers (1919-present) Green Bay
93%
Jaguars (1995-present) Jacksonville
93%
Chiefs (1963-present) Kansas City
93%
Raiders (2020-present) Las Vegas
93%
Eagles (1933-present) Philadelphia
93%
Pirates/Steelers (1933-1942, 1945-present) Pittsburgh
93%
49ers (1946-present) San Francisco
93%
Redskins/Football Team/Commanders (1937-present) Washington DC
93%
Falcons (1966-present) Atlanta
91%
Cardinals (1988-present) Phoenix
91%
Colts (1952-1983)Ravens (1996-present) Baltimore
89%
Vikings (1961-present) Minneapolis
89%
Chargers (1961-2016) San Diego
89%
Colts (1984-present) Indianapolis
87%
Cardinals (1960-1987)Rams (1995-2015) St Louis
87%
Panthers (1996-present) Charlotte
83%
Titans (1999-present) Nashville
83%
Raiders (1960-1981, 1995-2019) Oakland
83%
Oilers (1997-1998) Memphis
67%
Saints (2005) Baton Rouge
41%
Saints (2005) San Antonio
39%
Panthers (1995) Clemson
20%
Staleys (1919-1920) Decatur
20%
Spartans (1930-1933) Portsmouth
15%
No matching quizzes found
Score Distribution
Percent of People with Each Score
Percentile by Number Answered
Your Score History
You have not taken this quiz